Statistiques concernant TOP 10 - Les gardiens les plus chers de l'histoire

Cliquez ici pour prendre le quiz!

Statistiques générales

  • Ce quiz a été pris 190 fois
  • Le résultat moyen est 8 sur 10

Statistiques - réponses

JoueursPrixDépartsArrivésAnnée% Correct
Thibaut Courtois38 M€ChelseaReal Madrid2018
99%
Gianluigi Buffon52,8 M€Parme FCJuventus Turin2001
97%
Manuel Neuer30 M€Schalke 04Bayern Munich FC2011
94%
David De Gea25 M€Atlético MadridManchester United2011
89%
Alisson Becker73 M€AS RomeLiverpool FC2018
84%
Ederson40 M€Benfica LisbonneManchester City2017
78%
Kepa Arrizabalaga80 M€Athlétic BilbaoChelsea FC2018
75%
Jordan Pickford34 M€SunderlandEverton2017
67%
Bernd Leno25 M€Bayer LeverkusenArsenal FC2018
64%
Francesco Toldo26,5 M€FiorentinaInter Milan2001
32%

Distribution des résultats

Percentile par nombre de réponses

% des personnes avec chaque résultat

Votre développement - résultats

Vous n’avez pas pris ce quiz